| Tag |
First Indicator |
Second Indicator |
Subfields |
| LEADER |
00000cam a2200000 4500 |
| 001 |
in00000028374 |
| 005 |
20151007061418.0 |
| 008 |
731219s1966 inu 00000 eng u |
| 010 |
|
|
|a 66028030
|
| 035 |
|
|
|a (OCoLC)00764686
|
| 035 |
|
|
|9 AAD2017AM
|
| 040 |
|
|
|c MIA
|d TXA
|d UtOrBLW
|
| 049 |
|
|
|a TXAM
|c [520472]
|
| 050 |
|
0 |
|a ML3561.J3
|b B255
|
| 082 |
0 |
|
|a 780.973
|
| 092 |
|
|
|a 780.973
|b B192s
|
| 100 |
1 |
|
|a Balliett, Whitney.
|
| 245 |
1 |
0 |
|a Such sweet thunder ;
|b forty-nine pieces on jazz.
|
| 264 |
|
1 |
|a Indianapolis :
|b Bobbs-Merrill Co.,
|c [1966]
|
| 300 |
|
|
|a 366 pages ;
|c 22 cm.
|
| 336 |
|
|
|a text
|b txt
|2 rdacontent
|
| 337 |
|
|
|a unmediated
|b n
|2 rdamedia
|
| 338 |
|
|
|a volume
|b nc
|2 rdacarrier
|
| 650 |
|
0 |
|a Jazz.
|
| 999 |
|
|
|a MARS
|
| 999 |
f |
f |
|s 776c2a7b-1b91-3f25-a8f0-4dcb412ed5d2
|i 841f6e2e-e197-3be2-aad1-c132b02e0047
|t 0
|
| 952 |
f |
f |
|p ric
|a Texas A&M University
|b Rellis Campus
|c Joint Library Facility
|d Remote Storage
|t 0
|e ML3561.J3 B255
|h Library of Congress classification
|i unmediated -- volume
|m A14801169032
|
| 998 |
f |
f |
|a ML3561.J3 B255
|t 0
|l Remote Storage
|